[Event "2. Bundesliga Ost 2010/2011"]
[Site "2+3.10.Zwettl,30.10-1.11.Wien,27+28.11.Wien,29+30.
[Date "2011.01.29"]
[Round "8"]
[Board "5"]
[White "Todor, Razvan"]
[Black "Kopinits, Anna-Christina"]
[Result "0-1"]
[WhiteElo "2221"]
[BlackElo "2210"]
[PlyCount "54"]
[EventDate "2010.10.02"]
[EventType "team"]
[EventRounds "11"]
[EventCountry "AUT"]
[WhiteTeam "1. Wr. Neustaedter SV"]
[BlackTeam "ASVOE Wulkaprodersdorf"]

1.c4 c5 2.Nc3 Nf6 3.g3 e6 4.Bg2 d5 5.cxd5 exd5 6.d4 cxd4 7.Qxd4 Nc6 8.Qd1 d4
9.Ne4 Bf5 10.Nxf6+ Qxf6 11.Nf3 Bb4+ 12.Bd2 O-O 13.O-O d3 14.a3 Bxd2 15.Qxd2 dxe2
16.Qxe2 Rfe8 17.Qb5 Be4 18.Qb3 Na5 19.Qb4 b6 20.Qd4 Qc6 21.Rac1 Qb7 22.Rc3 Nc6
23.Qc4 Ne5 24.Nxe5 Bxg2 25.Nxf7 Bxf1 26.Nh6+ Kh8 27.Nf7+ Qxf7 0-1

[Event "2. Bundesliga Ost 2010/2011"]
[Site "2+3.10.Zwettl,30.10-1.11.Wien,27+28.11.Wien,29+30.
[Date "2011.01.29"]
[Round "8"]
[Board "6"]
[White "Wanderer, Thomas"]
[Black "Wiedner, Robert"]
[Result "1-0"]
[WhiteElo "2220"]
[BlackElo "2189"]
[PlyCount "115"]
[EventDate "2010.10.02"]
[EventType "team"]
[EventRounds "11"]
[EventCountry "AUT"]
[WhiteTeam "ASVOE Wulkaprodersdorf"]
[BlackTeam "1. Wr. Neustaedter SV"]

1.e4 c5 2.Nc3 Nc6 3.g3 g6 4.Bg2 d6 5.d3 e5 6.f4 Nge7 7.Nf3 Bg7 8.O-O O-O 9.Be3
Nd4 10.Qd2 Bg4 11.Nh4 Qd7 12.Nd1 exf4 13.gxf4 f5 14.c3 Ndc6 15.Nf2 Bh5 16.Nh1
Bf6 17.Nf3 b6 18.Ng3 Bxf3 19.Rxf3 d5 20.e5 Bg7 21.d4 cxd4 22.cxd4 Nd8 23.Ne2 Ne6
24.Rff1 Rac8 25.Rac1 Bh6 26.Nc3 Rc4 27.Nxd5 Nxd5 28.Rxc4 b5 29.Rc2 Rd8 30.Bxd5
Qxd5 31.Qd3 a6 32.Rd2 Rc8 33.Qb3 Rc4 34.Qd3 Kg7 35.b3 Rc7 36.Rc2 Rd7 37.Rd2 Rc7
38.h4 a5 39.Kh2 b4 40.Rc2 Rd7 41.Rc4 Kf7 42.Qc2 Qb7 43.Kg3 Bf8 44.Qg2 Rd5
45.Rfc1 Qd7 46.Rc7 Nxc7 47.Rxc7 Qxc7 48.Qxd5+ Kg7 49.Qc4 Qd8 50.h5 Kh6 51.hxg6
hxg6 52.Qg8 Be7 53.Qxd8 Bxd8 54.d5 Kg7 55.Kf3 Kf7 56.Ke2 Bc7 57.Kd3 g5 58.Kc4 1-0

[Event "2. Bundesliga Ost 2010/2011"]
[Site "2+3.10.Zwettl,30.10-1.11.Wien,27+28.11.Wien,29+30.
[Date "2011.01.30"]
[Round "9"]
[Board "1"]
[White "Likavsky, Tomas"]
[Black "Hodisch, Juri"]
[Result "1/2-1/2"]
[WhiteElo "2459"]
[BlackElo "2393"]
[PlyCount "88"]
[EventDate "2010.10.02"]
[EventType "team"]
[EventRounds "11"]
[EventCountry "AUT"]
[WhiteTeam "ASVOE Wulkaprodersdorf"]
[BlackTeam "Aljechin/Wieden"]

1.Nf3 c5 2.c4 Nf6 3.d4 cxd4 4.Nxd4 e6 5.Nc3 Bb4 6.Ndb5 O-O 7.a3 Bxc3+ 8.Nxc3 d5
9.Bg5 dxc4 10.e3 Qxd1+ 11.Rxd1 b6 12.Bxc4 Ba6 13.Be2 Rc8 14.Bf3 Nc6 15.Bxf6 gxf6
16.Rd6 Bb7 17.Rd7 Ba6 18.Rd6 Bb7 19.Rd7 Ba6 20.Bxc6 Rxc6 21.f3 Bc4 22.Kf2 Bb3
23.Re1 a5 24.Re2 Kg7 25.Red2 Rac8 26.Rb7 R8c7 27.Rd7 Rxd7 28.Rxd7 f5 29.Rb7 Kf6
30.f4 h6 31.Rb8 Bc4 32.Rb7 Kg7 33.h3 Ba6 34.Rb8 Rd6 35.Kf3 Bc4 36.g4 Kg6 37.Ra8
Kh7 38.Rb8 Kg6 39.Rb7 Ba6 40.gxf5+ exf5 41.Rb8 Bf1 42.Na4 b5 43.Nc3 Rd2 44.b3
Rd3 1/2-1/2

[Event "2. Bundesliga Ost 2010/2011"]
[Site "2+3.10.Zwettl,30.10-1.11.Wien,27+28.11.Wien,29+30.
[Date "2011.01.30"]
[Round "9"]
[Board "2"]
[White "Heiny, Johannes"]
[Black "Schweda, Roland"]
[Result "1/2-1/2"]
[WhiteElo "2263"]
[BlackElo "2457"]
[PlyCount "202"]
[EventDate "2010.10.02"]
[EventType "team"]
[EventRounds "11"]
[EventCountry "AUT"]
[WhiteTeam "Aljechin/Wieden"]
[BlackTeam "ASVOE Wulkaprodersdorf"]

1.d4 Nf6 2.c4 d6 3.Nc3 Nbd7 4.e4 e5 5.Nge2 c6 6.g3 Be7 7.Bg2 O-O 8.O-O Re8 9.h3
a6 10.d5 cxd5 11.Nxd5 Nxd5 12.Qxd5 Nf6 13.Qd3 b5 14.Nc3 bxc4 15.Qxc4 Be6 16.Qa4
Qb6 17.Rb1 Rec8 18.Be3 Qb7 19.Rfd1 h6 20.Kh2 a5 21.Nd5 Nxd5 22.exd5 Bf5 23.Be4
Bd7 24.Qa3 Rc4 25.Qd3 Ra4 26.Ra1 Rb4 27.b3 a4 28.bxa4 Rbxa4 29.Rdb1 Qc8 30.Rc1
Qe8 31.a3 Bb5 32.Qb1 Rxa3 33.Rxa3 Rxa3 34.Rc7 Bf8 35.Bf5 Ra8 36.Rxf7 Kxf7
37.Bg6+ Kg8 38.Bxe8 Bxe8 39.Qb7 Ra2 40.g4 Bf7 41.g5 hxg5 42.Kg3 Ra5 43.Bxg5 Bxd5
44.Qc7 Ra3+ 45.Kh2 Rf3 46.Qc2 Be6 47.h4 Rf7 48.Qe2 Bd5 49.Qd2 Be4 50.f4 exf4
51.Bxf4 d5 52.Kg3 Be7 53.Qb2 Bxh4+ 54.Kxh4 Rxf4+ 55.Kg5 Rf5+ 56.Kg4 Rf8 57.Qe5
Rf5 58.Qe8+ Kh7 59.Qe7 Rf6 60.Qe5 Bf5+ 61.Kg5 Be6 62.Qh2+ Kg8 63.Qb8+ Rf8 64.Qd6
Re8 65.Kg6 Bf7+ 66.Kg5 Re6 67.Qb8+ Kh7 68.Qh2+ Rh6 69.Qc7 Bg6 70.Qd8 Rh5+ 71.Kg4
Re5 72.Qd6 Rf5 73.Qd8 Re5 74.Qd6 Re4+ 75.Kg5 Bf7 76.Qh2+ Kg8 77.Qb8+ Re8 78.Qd6
Re6 79.Qb8+ Kh7 80.Qh2+ Rh6 81.Qc7 Bg6 82.Qd6 Rh1 83.Qxg6+ Kh8 84.Qe8+ Kh7
85.Qe3 Rh6 86.Qd3+ Kh8 87.Qxd5 Rg6+ 88.Kf5 Rf6+ 89.Ke5 Kh7 90.Qe4+ Kg8 91.Qh4
Kf7 92.Qh5+ Kg8 93.Qe8+ Kh7 94.Qd8 Kg6 95.Qg8 Kh6 96.Qh8+ Kg6 97.Qh4 Kf7 98.Qg5
Kg8 99.Qh5 Kf8 100.Qh7 Kf7 101.Qh5+ Kf8 1/2-1/2

[Event "2. Bundesliga Ost 2010/2011"]
[Site "2+3.10.Zwettl,30.10-1.11.Wien,27+28.11.Wien,29+30.
[Date "2011.01.30"]
[Round "9"]
[Board "3"]
[White "Volkmann, Friedrich Karl"]
[Black "Groetz, Harald"]
[Result "1/2-1/2"]
[WhiteElo "2409"]
[BlackElo "2321"]
[PlyCount "97"]
[EventDate "2010.10.02"]
[EventType "team"]
[EventRounds "11"]
[EventCountry "AUT"]
[WhiteTeam "ASVOE Wulkaprodersdorf"]
[BlackTeam "Aljechin/Wieden"]

1.e4 c5 2.Nf3 d6 3.d4 cxd4 4.Nxd4 Nf6 5.Nc3 Nc6 6.Bg5 e6 7.Qd2 a6 8.O-O-O Bd7
9.f4 h6 10.Bxf6 Qxf6 11.Nf3 Qd8 12.f5 Be7 13.Bc4 b5 14.fxe6 fxe6 15.Bb3 O-O
16.Kb1 Kh8 17.h4 Na5 18.Ne2 Nxb3 19.axb3 Qe8 20.e5 d5 21.Nf4 Qf7 22.g3 Bc5
23.Rdf1 Kg8 24.Nd4 Bxd4 25.Qxd4 Be8 26.Nxd5 Qxf1+ 27.Rxf1 Rxf1+ 28.Ka2 Bf7
29.Nb6 Re8 30.c4 b4 31.Qd3 Re1 32.Qd2 Rxe5 33.Qxb4 Re3 34.Qc5 Rxg3 35.Qe5 Rf3
36.c5 Rf5 37.Qc3 e5 38.c6 Be6 39.c7 Rff8 40.Ka3 e4 41.Kb4 Kh8 42.Ka5 Bc8 43.Nxc8
Rxc8 44.Kxa6 Rf7 45.Qe5 Rfxc7 46.Qxe4 Rc6+ 47.Kb7 R8c7+ 48.Kb8 Rc8+ 49.Kb7 1/2-1/2

[Event "2. Bundesliga Ost 2010/2011"]
[Site "2+3.10.Zwettl,30.10-1.11.Wien,27+28.11.Wien,29+30.
[Date "2011.01.30"]
[Round "9"]
[Board "4"]
[White "Schlosser, Michael"]
[Black "Sandhu, Mario"]
[Result "0-1"]
[WhiteElo "2331"]
[BlackElo "2330"]
[PlyCount "82"]
[EventDate "2010.10.02"]
[EventType "team"]
[EventRounds "11"]
[EventCountry "AUT"]
[WhiteTeam "Aljechin/Wieden"]
[BlackTeam "ASVOE Wulkaprodersdorf"]

1.g3 d5 2.Bg2 Nf6 3.c4 c5 4.cxd5 Nxd5 5.Qa4+ Bd7 6.Qc4 Bc6 7.Nf3 Nd7 8.Nd4 cxd4
9.Bxd5 Ne5 10.Bxc6+ bxc6 11.Qa4 h5 12.h3 Qd5 13.O-O e6 14.d3 Be7 15.Nd2 O-O
16.Qb3 Qd7 17.f4 Ng6 18.Qc4 Rab8 19.Nb3 Rb5 20.Bd2 Rd5 21.Rac1 c5 22.Qa6 h4
23.g4 f5 24.g5 Kh7 25.Rf2 e5 26.fxe5 Rxe5 27.Na5 f4 28.Qb7 Qxh3 29.Rg2 Rxg5
30.Rxg5 Bxg5 31.Qf3 Qxf3 32.exf3 Ne5 33.Rxc5 Nxf3+ 34.Kf2 Be7 35.Rc7 Bd8 36.Bb4
Bxc7 37.Bxf8 Ne5 38.Nb3 g5 39.Nc5 Kg6 40.Ne6 Bb6 41.Nxf4+ gxf4 0-1

[Event "2. Bundesliga Ost 2010/2011"]
[Site "2+3.10.Zwettl,30.10-1.11.Wien,27+28.11.Wien,29+30.
[Date "2011.01.30"]
[Round "9"]
[Board "5"]
[White "Kopinits, Anna-Christina"]
[Black "Albadri, Abd Al Sattar"]
[Result "1/2-1/2"]
[WhiteElo "2210"]
[BlackElo "2226"]
[PlyCount "62"]
[EventDate "2010.10.02"]
[EventType "team"]
[EventRounds "11"]
[EventCountry "AUT"]
[WhiteTeam "ASVOE Wulkaprodersdorf"]
[BlackTeam "Aljechin/Wieden"]

1.e4 e6 2.d4 d5 3.Nd2 dxe4 4.Nxe4 Nd7 5.Nf3 Be7 6.Bd3 Ngf6 7.Ng3 c5 8.c3 O-O
9.O-O cxd4 10.Nxd4 Ne5 11.Bc2 Nc6 12.Nxc6 bxc6 13.Bg5 Ba6 14.Qxd8 Rfxd8 15.Rfd1
h6 16.Rxd8+ Rxd8 17.Be3 c5 18.Ne4 Nxe4 19.Bxe4 f5 20.Bc2 g5 21.g3 Bd3 22.Bxd3
Rxd3 23.Kf1 e5 24.Ke2 Rd7 25.c4 Kf7 26.f3 Ke6 27.Rc1 Rb7 28.Rc2 h5 29.h3 Rb8
30.Bf2 g4 31.hxg4 hxg4 1/2-1/2

[Event "2. Bundesliga Ost 2010/2011"]
[Site "2+3.10.Zwettl,30.10-1.11.Wien,27+28.11.Wien,29+30.
[Date "2011.01.30"]
[Round "9"]
[Board "6"]
[White "Batyte, Daiva"]
[Black "Wanderer, Thomas"]
[Result "1/2-1/2"]
[WhiteElo "2167"]
[BlackElo "2220"]
[PlyCount "66"]
[EventDate "2010.10.02"]
[EventType "team"]
[EventRounds "11"]
[EventCountry "AUT"]
[WhiteTeam "Aljechin/Wieden"]
[BlackTeam "ASVOE Wulkaprodersdorf"]

1.c4 c5 2.Nc3 Nf6 3.Nf3 Nc6 4.g3 d5 5.cxd5 Nxd5 6.Bg2 Nc7 7.b3 e5 8.Bb2 Be7
9.Rc1 f6 10.d3 Be6 11.Na4 b6 12.O-O Qd7 13.Nd2 Bd5 14.Nf3 Rc8 15.Nc3 Be6 16.Qd2
O-O 17.Rfd1 Rfd8 18.e3 Bg4 19.Ne2 e4 20.Ne1 exd3 21.f3 dxe2 22.Qxe2 Qe6 23.fxg4
Ne5 24.Bxe5 fxe5 25.Be4 g6 26.Rxd8+ Rxd8 27.Rd1 Rxd1 28.Qxd1 Kg7 29.h3 Nb5
30.Qd3 Nc7 31.Nf3 b5 32.Qc3 Bd6 33.Nd2 Be7 1/2-1/2

[Event "2. Bundesliga Ost 2010/2011"]
[Site "2+3.10.Zwettl,30.10-1.11.Wien,27+28.11.Wien,29+30.
[Date "2011.01.30"]
[Round "9"]
[Board "1"]
[White "Rotstein, Arkadij"]
[Black "Michalik, Peter"]
[Result "1-0"]
[WhiteElo "2542"]
[BlackElo "2455"]
[PlyCount "69"]
[EventDate "2010.10.02"]
[EventType "team"]
[EventRounds "11"]
[EventCountry "AUT"]
[WhiteTeam "SV Tschaturanga Neubau"]
[BlackTeam "1. Wr. Neustaedter SV"]

1.g3 Nf6 2.Bg2 d5 3.Nf3 Bf5 4.d3 e6 5.O-O h6 6.Nbd2 Bh7 7.e4 Be7 8.Ne5 O-O 9.f4
dxe4 10.dxe4 Nbd7 11.Nd3 Nc5 12.Nf2 a5 13.Qe2 Nfd7 14.Nc4 e5 15.Bd2 a4 16.Rad1
Qe8 17.fxe5 Ne6 18.Nd3 Kh8 19.Bc3 Ndc5 20.Nf4 Nd7 21.Ne3 Bc5 22.Kh1 Rb8 23.Nf5
b5 24.b4 axb3 25.axb3 b4 26.Bb2 Ra8 27.Ra1 Rxa1 28.Rxa1 Nb6 29.Rf1 Qd7 30.Nh5
Rg8 31.Qg4 Bg6 32.Nf4 Bh7 33.Rd1 Qc8 34.Nd5 Qa8 35.Qh5 1-0

[Event "2. Bundesliga Ost 2010/2011"]
[Site "2+3.10.Zwettl,30.10-1.11.Wien,27+28.11.Wien,29+30.
[Date "2011.01.30"]
[Round "9"]
[Board "2"]
[White "Schroll, Gerhard"]
[Black "Kreindl, Helmut"]
[Result "1/2-1/2"]
[WhiteElo "2449"]
[BlackElo "2179"]
[PlyCount "62"]
[EventDate "2010.10.02"]
[EventType "team"]
[EventRounds "11"]
[EventCountry "AUT"]
[WhiteTeam "1. Wr. Neustaedter SV"]
[BlackTeam "SV Tschaturanga Neubau"]

1.c4 e6 2.Nc3 d5 3.d4 Nf6 4.Nf3 Bb4 5.cxd5 exd5 6.Bg5 h6 7.Bxf6 Qxf6 8.Rc1 O-O
9.Qb3 Qb6 10.g3 Bxc3+ 11.Qxc3 c6 12.e3 Bf5 13.Ne5 Nd7 14.Bd3 Nxe5 15.Bxf5 Nc4
16.Rc2 Nd6 17.Bd3 f5 18.a3 Ne4 19.Bxe4 fxe4 20.O-O Rf3 21.b4 Raf8 22.Qc5 Qxc5
23.bxc5 R8f7 24.Rb2 Re7 25.Kg2 g5 26.a4 Kg7 27.a5 a6 28.g4 h5 29.Rfb1 Rff7 30.h3
Kg6 31.Rh1 Rf3 1/2-1/2

[Event "2. Bundesliga Ost 2010/2011"]
[Site "2+3.10.Zwettl,30.10-1.11.Wien,27+28.11.Wien,29+30.
[Date "2011.01.30"]
[Round "9"]
[Board "3"]
[White "Kleiser, Gregor"]
[Black "Mazur, Stefan"]
[Result "1-0"]
[WhiteElo "2258"]
[BlackElo "2402"]
[PlyCount "147"]
[EventDate "2010.10.02"]
[EventType "team"]
[EventRounds "11"]
[EventCountry "AUT"]
[WhiteTeam "SV Tschaturanga Neubau"]
[BlackTeam "1. Wr. Neustaedter SV"]

1.d4 d5 2.c4 c6 3.cxd5 cxd5 4.Bf4 Nc6 5.Nc3 Nf6 6.Nf3 a6 7.e3 Bf5 8.Bd3 Bxd3
9.Qxd3 e6 10.O-O Bd6 11.Bxd6 Qxd6 12.Rfc1 O-O 13.a3 Na5 14.Na4 Ne4 15.b4 Nc6
16.Nc5 Nxc5 17.bxc5 Qe7 18.Rab1 Rac8 19.h3 Rfd8 20.Rb6 Rc7 21.Rcb1 f6 22.Qb3
Rdd7 23.Qa4 e5 24.dxe5 fxe5 25.Rxb7 Rxb7 26.Rxb7 Rxb7 27.Qxc6 Qd7 28.Qxa6 Ra7
29.Qb6 Rb7 30.Qa5 Qc7 31.Qa4 Rb8 32.Ng5 h6 33.Ne6 Qc8 34.Qg4 Rb7 35.f4 exf4
36.exf4 Re7 37.f5 Rxe6 38.fxe6 Qxc5+ 39.Kh2 Qxa3 40.Qf5 Qd6+ 41.Kh1 Kh8 42.Kg1
d4 43.Qe4 Qe7 44.Kf1 d3 45.Ke1 Kg8 46.Kd2 Qa3 47.Qd5 Qe7 48.Kxd3 Qa3+ 49.Ke4 Qe7
50.Kf4 Qf6+ 51.Kg3 Kf8 52.Qd6+ Ke8 53.Kh2 h5 54.Kg3 Qg5+ 55.Kf3 Qf6+ 56.Ke4 Qg6+
57.Kd4 Qf6+ 58.Kc5 Qf2+ 59.Qd4 Qc2+ 60.Kd6 Qb3 61.Ke5 Qb5+ 62.Ke4 Qe2+ 63.Kf5
Qf1+ 64.Qf4 g6+ 65.Kg5 Qxg2+ 66.Kh6 Qb7 67.Kxg6 h4 68.Qxh4 Qb1+ 69.Kh6 Qb2
70.Qh5+ Ke7 71.Qf7+ Kd6 72.e7 Qd2+ 73.Kh7 Qd3+ 74.Qg6+ 1-0

[Event "2. Bundesliga Ost 2010/2011"]
[Site "2+3.10.Zwettl,30.10-1.11.Wien,27+28.11.Wien,29+30.
[Date "2011.01.30"]
[Round "9"]
[Board "4"]
[White "Steiner, Adam"]
[Black "Ponjican, Erich"]
[Result "1-0"]
[WhiteElo "2232"]
[BlackElo "2206"]
[PlyCount "107"]
[EventDate "2010.10.02"]
[EventType "team"]
[EventRounds "11"]
[EventCountry "AUT"]
[WhiteTeam "1. Wr. Neustaedter SV"]
[BlackTeam "SV Tschaturanga Neubau"]

1.e4 Nf6 2.e5 Nd5 3.d4 d6 4.c4 Nb6 5.f4 dxe5 6.fxe5 Nc6 7.Be3 Bf5 8.Nc3 e6 9.Nf3
Be7 10.d5 exd5 11.cxd5 Nb4 12.Nd4 Qd7 13.a3 N4xd5 14.Nxd5 Bh4+ 15.g3 Qxd5
16.Nxf5 Qxh1 17.Nxh4 Qxh2 18.Bf2 Qh1 19.Qg4 h5 20.Qf5 Rd8 21.Ng2 O-O 22.Be3 Rfe8
23.Kf2 g6 24.Qg5 Nd5 25.Rd1 c6 26.Be2 Qh3 27.Bf3 Qe6 28.Nf4 Nxf4 29.Bxf4 Rxd1
30.Bxd1 Qd5 31.Bxh5 Qc5+ 32.Kg2 Qc2+ 33.Kf1 Qd3+ 34.Be2 Qb1+ 35.Bc1 Qe4 36.Bf4
Qb1+ 37.Bc1 Qe4 38.Qf4 Rxe5 39.Qxe4 Rxe4 40.Kf2 f5 41.Bd3 Rd4 42.Ke3 Rg4 43.Kf3
Rd4 44.Bc2 b6 45.Be3 Rd7 46.Kf4 Kf7 47.Kg5 Re7 48.Bb3+ Kg7 49.Bd4+ Kh7 50.Kf6
Re4 51.Be5 c5 52.Bf7 Rg4 53.Bf4 b5 54.Bd5 1-0

[Event "2. Bundesliga Ost 2010/2011"]
[Site "2+3.10.Zwettl,30.10-1.11.Wien,27+28.11.Wien,29+30.
[Date "2011.01.30"]
[Round "9"]
[Board "5"]
[White "Schwaninger, Wolfgang"]
[Black "Todor, Razvan"]
[Result "1-0"]
[WhiteElo "2146"]
[BlackElo "2221"]
[PlyCount "61"]
[EventDate "2010.10.02"]
[EventType "team"]
[EventRounds "11"]
[EventCountry "AUT"]
[WhiteTeam "SV Tschaturanga Neubau"]
[BlackTeam "1. Wr. Neustaedter SV"]

1.d4 g6 2.g3 Bg7 3.Bg2 d6 4.Nf3 f5 5.c4 Nf6 6.Nc3 O-O 7.Qb3 c6 8.a4 Na6 9.a5 Qe8
10.c5+ Kh8 11.cxd6 exd6 12.Bf4 Qe7 13.Qa3 Rd8 14.O-O Nc7 15.Ng5 Be6 16.e4 fxe4
17.Ngxe4 Nxe4 18.Nxe4 Nb5 19.Qb4 h6 20.a6 bxa6 21.Rxa6 g5 22.Be5 Bd5 23.Bxg7+
Qxg7 24.Rd1 Rab8 25.Qd2 Qb7 26.Ra4 Bb3 27.Ra5 Bxd1 28.Qxd1 Qg7 29.d5 c5 30.Qh5
Re8 31.Rxb5 1-0

[Event "2. Bundesliga Ost 2010/2011"]
[Site "2+3.10.Zwettl,30.10-1.11.Wien,27+28.11.Wien,29+30.
[Date "2011.01.30"]
[Round "9"]
[Board "6"]
[White "Wiedner, Robert"]
[Black "Froeschl, Felix"]
[Result "1-0"]
[WhiteElo "2189"]
[BlackElo "2174"]
[PlyCount "49"]
[EventDate "2010.10.02"]
[EventType "team"]
[EventRounds "11"]
[EventCountry "AUT"]
[WhiteTeam "1. Wr. Neustaedter SV"]
[BlackTeam "SV Tschaturanga Neubau"]

1.d4 Nf6 2.c4 c5 3.Nf3 cxd4 4.Nxd4 b6 5.Nc3 Bb7 6.Bg5 Ne4 7.Nxe4 Bxe4 8.f3 Bb7
9.e4 h6 10.Bh4 g5 11.Bg3 Bg7 12.Qd2 d6 13.Nf5 Bf6 14.O-O-O Nc6 15.h4 Qc7 16.c5
bxc5 17.hxg5 hxg5 18.Rxh8+ Bxh8 19.Bxd6 Qb6 20.Bxe7 Nxe7 21.Qd7+ Kf8 22.Qxe7+
Kg8 23.Qxg5+ Kf8 24.Qe7+ Kg8 25.e5 1-0

[Event "2. Bundesliga Ost 2010/2011"]
[Site "2+3.10.Zwettl,30.10-1.11.Wien,27+28.11.Wien,29+30.
[Date "2011.01.30"]
[Round "9"]
[Board "1"]
[White "Maros, Milan"]
[Black "Cvek, Robert"]
[Result "1/2-1/2"]
[WhiteElo "2329"]
[BlackElo "2494"]
[PlyCount "52"]
[EventDate "2010.10.02"]
[EventType "team"]
[EventRounds "11"]
[EventCountry "AUT"]
[WhiteTeam "Husek Wien"]
[BlackTeam "ASVOE Pamhagen"]

1.d4 Nf6 2.Nf3 e6 3.g3 b5 4.Bg2 Bb7 5.O-O d5 6.b3 Nbd7 7.c4 dxc4 8.bxc4 bxc4
9.Na3 Be7 10.Nxc4 O-O 11.Bd2 Bd5 12.Ne3 Be4 13.Ba5 Rc8 14.Nc4 Nb6 15.Nce5 c5
16.Rc1 Qd5 17.dxc5 Bxc5 18.Qxd5 Bxd5 19.Nd3 Ba3 20.Rxc8 Rxc8 21.Nd4 Nc4 22.Bb4
Bxg2 23.Kxg2 Bxb4 24.Nxb4 Kf8 25.Nb3 Nb6 26.Rc1 Rxc1 1/2-1/2

[Event "2. Bundesliga Ost 2010/2011"]
[Site "2+3.10.Zwettl,30.10-1.11.Wien,27+28.11.Wien,29+30.
[Date "2011.01.30"]
[Round "9"]
[Board "2"]
[White "Lipka, Juraj"]
[Black "Kalisky, Vladimir"]
[Result "1-0"]
[WhiteElo "2414"]
[BlackElo "2273"]
[PlyCount "101"]
[EventDate "2010.10.02"]
[EventType "team"]
[EventRounds "11"]
[EventCountry "AUT"]
[WhiteTeam "ASVOE Pamhagen"]
[BlackTeam "Husek Wien"]

1.d4 Nf6 2.Nf3 d6 3.c4 Nbd7 4.Nc3 e5 5.e4 Be7 6.Be2 O-O 7.O-O c6 8.Be3 a5 9.Rb1
Qc7 10.b3 Re8 11.d5 Ng4 12.Bd2 Nc5 13.Ne1 Nf6 14.Qc2 Bd7 15.a3 Rec8 16.b4 axb4
17.axb4 Na6 18.Rb2 g6 19.Qb1 cxd5 20.cxd5 Qd8 21.Nd3 Ne8 22.g3 f5 23.b5 Nc5
24.Nxc5 Rxc5 25.Ra2 Rxa2 26.Qxa2 Nf6 27.exf5 Bxf5 28.Qb3 Qa8 29.f3 Bd8 30.g4 Bd7
31.g5 Nh5 32.Ne4 Bb6 33.Be3 Qa7 34.Nxc5 Bxc5 35.b6 Qa5 36.Rc1 Nf4 37.Bf1 Qa4
38.Rb1 Qa5 39.Kh1 Ba4 40.Qc4 Bxe3 41.Qc8+ Kf7 42.Qxb7+ Kf8 43.Qc8+ Ke7 44.b7
Qxd5 45.Qd8+ Kxd8 46.b8=Q+ Ke7 47.Rb7+ Bd7 48.Rxd7+ Ke6 49.Qe8+ Kf5 50.Rf7+ Kxg5
51.Qe7+ 1-0

[Event "2. Bundesliga Ost 2010/2011"]
[Site "2+3.10.Zwettl,30.10-1.11.Wien,27+28.11.Wien,29+30.
[Date "2011.01.30"]
[Round "9"]
[Board "3"]
[White "Cibulka, Vladimir"]
[Black "Rueckschloss, Karol"]
[Result "1/2-1/2"]
[WhiteElo "2252"]
[BlackElo "2293"]
[PlyCount "57"]
[EventDate "2010.10.02"]
[EventType "team"]
[EventRounds "11"]
[EventCountry "AUT"]
[WhiteTeam "Husek Wien"]
[BlackTeam "ASVOE Pamhagen"]

1.e4 e6 2.d4 d5 3.Nc3 Nf6 4.Bg5 dxe4 5.Nxe4 Nbd7 6.Nf3 Be7 7.Nxf6+ Nxf6 8.Bd3
O-O 9.O-O b6 10.c3 Bb7 11.Qe2 Qd5 12.c4 Qd6 13.Rad1 c5 14.dxc5 Qxc5 15.Ne5 Rad8
16.a3 a5 17.Rfe1 Rd6 18.Bd2 Rfd8 19.Bc3 Qc7 20.Rc1 Bf8 21.Bb1 Ba8 22.Ng4 Nxg4
23.Qxg4 Qd7 24.c5 bxc5 25.Bxa5 Rc8 26.Bc3 g6 27.Qf4 Bg7 28.Bxg7 Kxg7 29.Qe5+ 1/2-1/2

[Event "2. Bundesliga Ost 2010/2011"]
[Site "2+3.10.Zwettl,30.10-1.11.Wien,27+28.11.Wien,29+30.
[Date "2011.01.30"]
[Round "9"]
[Board "4"]
[White "Vitouch, Anatol"]
[Black "Siroky, Jan"]
[Result "1/2-1/2"]
[WhiteElo "2262"]
[BlackElo "2188"]
[PlyCount "66"]
[EventDate "2010.10.02"]
[EventType "team"]
[EventRounds "11"]
[EventCountry "AUT"]
[WhiteTeam "ASVOE Pamhagen"]
[BlackTeam "Husek Wien"]

1.Nf3 Nf6 2.c4 g6 3.Nc3 d5 4.cxd5 Nxd5 5.Qa4+ c6 6.Qd4 Nf6 7.Qxd8+ Kxd8 8.d4 Bg7
9.e4 h6 10.Bc4 Ke8 11.e5 Nfd7 12.Bf4 Nb6 13.Bb3 g5 14.Bg3 Bf5 15.O-O e6 16.Nd2
Bf8 17.Nde4 N8d7 18.Rfe1 Be7 19.f3 Kf8 20.Nd6 Bxd6 21.exd6 Rd8 22.Ne4 Nd5 23.Nc5
Nxc5 24.dxc5 Kg7 25.Be5+ f6 26.Bd4 e5 27.Bf2 Be6 28.Rac1 Kf7 29.a3 Rhe8 30.Ba4
Nf4 31.Rcd1 Bd5 32.Bc2 g4 33.Be4 gxf3 1/2-1/2

[Event "2. Bundesliga Ost 2010/2011"]
[Site "2+3.10.Zwettl,30.10-1.11.Wien,27+28.11.Wien,29+30.
[Date "2011.01.30"]
[Round "9"]
[Board "5"]
[White "Reinwald, Patrick"]
[Black "Hangweyrer, Manfred"]
[Result "0-1"]
[WhiteElo "2093"]
[BlackElo "2334"]
[PlyCount "66"]
[EventDate "2010.10.02"]
[EventType "team"]
[EventRounds "11"]
[EventCountry "AUT"]
[WhiteTeam "Husek Wien"]
[BlackTeam "ASVOE Pamhagen"]

1.e4 d6 2.d4 Nf6 3.Nc3 e5 4.dxe5 dxe5 5.Qxd8+ Kxd8 6.Bg5 Be6 7.Nf3 Nbd7 8.O-O-O
Kc8 9.Bd3 a6 10.Rhe1 h6 11.Bh4 Bd6 12.Nd2 g5 13.Bg3 Nh5 14.Nc4 Nxg3 15.Nxd6+
cxd6 16.hxg3 Nf6 17.Rd2 Kc7 18.Nd1 h5 19.Ne3 h4 20.gxh4 Rxh4 21.f3 Rah8 22.Bc4
Rh1 23.Kd1 g4 24.Bxe6 fxe6 25.Nc4 gxf3 26.gxf3 b5 27.Ne3 R8h3 28.Rxh1 Rxh1+
29.Ke2 Nh5 30.Ng4 Nf4+ 31.Kf2 Kc6 32.a3 Rb1 33.c3 Rxb2 0-1

[Event "2. Bundesliga Ost 2010/2011"]
[Site "2+3.10.Zwettl,30.10-1.11.Wien,27+28.11.Wien,29+30.
[Date "2011.01.30"]
[Round "9"]
[Board "6"]
[White "Kuthan, Andreas"]
[Black "Zojer, Stefan"]
[Result "1-0"]
[WhiteElo "2204"]
[BlackElo "2043"]
[PlyCount "41"]
[EventDate "2010.10.02"]
[EventType "team"]
[EventRounds "11"]
[EventCountry "AUT"]
[WhiteTeam "ASVOE Pamhagen"]
[BlackTeam "Husek Wien"]

1.e4 c5 2.c3 Nf6 3.e5 Nd5 4.d4 cxd4 5.Nf3 Nc6 6.Bc4 Nb6 7.Bb3 d6 8.exd6 e6
9.cxd4 Bxd6 10.Nc3 Bd7 11.O-O O-O 12.Re1 Nb4 13.Ne5 Bc6 14.Qg4 Bd5 15.Bg5 f6
16.Nxd5 exd5 17.Qe6+ Kh8 18.Ng6+ hxg6 19.Re3 Bxh2+ 20.Kh1 Qc8 21.Rh3# 1-0

[Event "2. Bundesliga Ost 2010/2011"]
[Site "2+3.10.Zwettl,30.10-1.11.Wien,27+28.11.Wien,29+30.
[Date "2011.01.30"]
[Round "9"]
[Board "1"]
[White "Petran, Peter"]
[Black "Polak, Thomas"]
[Result "0-1"]
[WhiteElo "2325"]
[BlackElo "2535"]
[PlyCount "110"]
[EventDate "2010.10.02"]
[EventType "team"]
[EventRounds "11"]
[EventCountry "AUT"]
[WhiteTeam "ASVOE SK Mattersburg"]
[BlackTeam "SK Zwettl"]

1.f4 b6 2.Nf3 Bb7 3.e3 g6 4.d4 Bg7 5.Bd3 c5 6.c3 Nf6 7.Nbd2 Nd5 8.Nb3 Qc7 9.Bc4
cxd4 10.Bxd5 Bxd5 11.cxd4 O-O 12.Bd2 d6 13.O-O Nd7 14.Bc3 Qb7 15.Nbd2 Rac8
16.Qe2 f5 17.Rfc1 Rc7 18.Qd1 Rfc8 19.a3 Nf6 20.h3 a5 21.Ne1 h6 22.Nef3 Bf7
23.Nf1 Ne4 24.Bd2 g5 25.fxg5 hxg5 26.Rxc7 Rxc7 27.Rc1 Bd5 28.Rxc7 Qxc7 29.Be1
Bf6 30.Ng3 Nxg3 31.Bxg3 Qc6 32.Ne1 Kg7 33.Qc2 Qxc2 34.Nxc2 Kg6 35.Kf1 f4 36.exf4
gxf4 37.Bxf4 Be4 38.Ne1 Bxd4 39.Bc1 a4 40.Ke2 d5 41.g4 Bf6 42.Nd3 Bxd3+ 43.Kxd3
e5 44.Kc2 e4 45.b3 d4 46.bxa4 d3+ 47.Kd1 Bd4 48.h4 e3 49.Bd2 Kf6 50.a5 bxa5
51.Bxa5 Ke5 52.h5 Ke4 53.h6 e2+ 54.Ke1 Be3 55.h7 Kf3 0-1

[Event "2. Bundesliga Ost 2010/2011"]
[Site "2+3.10.Zwettl,30.10-1.11.Wien,27+28.11.Wien,29+30.
[Date "2011.01.30"]
[Round "9"]
[Board "2"]
[White "Blatny, Pavel"]
[Black "Brod, Manfred"]
[Result "1/2-1/2"]
[WhiteElo "2402"]
[BlackElo "2183"]
[PlyCount "56"]
[EventDate "2010.10.02"]
[EventType "team"]
[EventRounds "11"]
[EventCountry "AUT"]
[WhiteTeam "SK Zwettl"]
[BlackTeam "ASVOE SK Mattersburg"]

1.b3 e5 2.Bb2 Nc6 3.e3 d5 4.Bb5 Bd6 5.f4 Qh4+ 6.g3 Qe7 7.Nf3 f6 8.fxe5 fxe5
9.Bxc6+ bxc6 10.Nxe5 Nf6 11.Nxc6 Qe4 12.O-O Bh3 13.Rf2 Ng4 14.Rf3 Nxh2 15.Kxh2
Bg4 16.Nd4 c5 17.Nc3 Qg6 18.Qf1 Bxf3 19.Qxf3 Rf8 20.Qg2 cxd4 21.Nxd5 Qh5+ 22.Kg1
Rf3 23.Nf4 Qg4 24.Kh2 Bxf4 25.exf4 Qh5+ 26.Kg1 Qg4 27.Kh2 Qh5+ 28.Kg1 Qg4 1/2-1/2